| 000 | 00467cam a2200181ua 4500 | ||
|---|---|---|---|
| 020 |
_a81 239 0520 3 _c595.00 |
||
| 041 |
_aeng _h |
||
| 082 |
_a664.3 _bLAW/FO |
||
| 100 | _aLowson, Harry . | ||
| 245 |
_aFood oils and fats / _cHarry Lowson. _hTextual Documents |
||
| 250 |
_a1 / _b. |
||
| 260 |
_aNew Delhi : _bC B S Publishers & Distributers , _c1997. |
||
| 300 | _a339 ; . | ||
| 365 | _a595.00 | ||
| 504 | _a | ||
| 942 | _cBK | ||
| 999 |
_c10414 _d10414 |
||